000 00540nam a2200169Ia 4500
008 090201s9999 xx 000 0 und d
010 _aKPL-25162
040 _bमराठी
041 _aमराठी
082 _a46117
_b25162
100 _aसरोजिनी शारंगपाणी
245 _aआहूती
_cसरोजिनी शारंगपाणी
260 _c2005
_bपॅरॅमाऊंट प्रकाशन
300 _a128
_bमोठा
600 _aआहूती
942 _cBOOK
999 _c242992
_d242992